|
|
|
|
| LEADER |
00000cam a2200000 7i4500 |
| 001 |
0000000382 |
| 005 |
20000808.0 |
| 020 |
0 |
0 |
|a 4770020465
|
| 090 |
0 |
0 |
|a 950.429
|b MAH 1995
|
| 100 |
0 |
0 |
|a MAHATHIR bin Mohamad
|f Dato' Seri
|c 1925-
|
| 245 |
1 |
4 |
|a The voice of Asia :
|b Two leaders discuss the coming century
|c Mahathir Mohamad & Shintaro Ishihara; translated by Frank Baldwin
|
| 260 |
0 |
0 |
|a Tokyo; New York :
|b Kodansha International ,
|c 1995
|
| 300 |
|
|
|a 159 p. :
|b map ;
|c 22 cm.
|
| 500 |
0 |
0 |
|a Translated from: "No" to ieru Ajia
|
| 651 |
0 |
0 |
|a Asia
|x Foreign economic relations
|
| 651 |
0 |
0 |
|a Asia
|x Politics and government
|y 1945-
|
| 700 |
0 |
1 |
|a Baldwin
|h Frank
|
| 700 |
0 |
1 |
|a Ishihara
|h Shintar_o ,
|c 1932-
|
| 999 |
|
|
|a 0000001596
|b Monograph
|c Open Shelf
|e Default branch
|